Organizing Your Life / (Record no. 197580)

MARC details
000 -LEADER
fixed length control field 01041nam a2200277 i 4500
003 - CONTROL NUMBER IDENTIFIER
control field OSt
005 - DATE AND TIME OF LATEST TRANSACTION
control field 20241113153216.0
008 - FIXED-LENGTH DATA ELEMENTS--GENERAL INFORMATION
fixed length control field 241113t20142014nyuo er 000 0deng d
020 ## - INTERNATIONAL STANDARD BOOK NUMBER
International Standard Book Number 9781615646487
Terms of availability RM21.20
Qualifying information paperback
040 ## - CATALOGING SOURCE
Original cataloging agency PPAK
Language of cataloging eng
Transcribing agency PPAK
Modifying agency rda
082 04 - DEWEY DECIMAL CLASSIFICATION NUMBER
Edition number 23
Classification number 640
090 00 - LOCALLY ASSIGNED LC-TYPE CALL NUMBER (OCLC); LOCAL CALL NUMBER (RLIN)
Classification number (OCLC) (R) ; Classification number, CALL (RLIN) (NR) 640
Feature heading ALD
Feature heading G
100 1# - MAIN ENTRY--PERSONAL NAME
Personal name Aldred, Cyndy,
Relator term author.
245 10 - TITLE STATEMENT
Title Organizing Your Life /
Statement of responsibility, etc. by Cyndy Aldred
264 #1 - PRODUCTION, PUBLICATION, DISTRIBUTION, MANUFACTURE, AND COPYRIGHT NOTICE
Place of production, publication, distribution, manufacture New York :
Name of producer, publisher, distributor, manufacturer Alpha Books,
Date of production, publication, distribution, manufacture, or copyright notice 2014
Date of production, publication, distribution, manufacture, or copyright notice ©2014
300 1# - PHYSICAL DESCRIPTION
Extent x, 278 pages :
Other physical details color photographs ;
Dimensions 24 cm
336 ## - CONTENT TYPE
Content type term text
Source rdacontent
337 ## - MEDIA TYPE
Media type term unmediated
Source rdamedia
338 ## - CARRIER TYPE
Carrier type term volume
Source rdacarrier
490 1# - SERIES STATEMENT
Series statement IDIOT'S GUIDES
520 ## - SUMMARY, ETC.
Summary, etc. Getting organized starts with approaching your home and your stuff differently, with a creating mind-set, arranging what you want to keep in a better way, and passing along what you really don't need anymore. Aldred helps you clear away the clutter-- for good!
650 10 - SUBJECT ADDED ENTRY--TOPICAL TERM
Topical term or geographic name entry element Home economics
830 #0 - SERIES ADDED ENTRY--UNIFORM TITLE
Uniform title Idiot’s guides.
942 ## - ADDED ENTRY ELEMENTS (KOHA)
Source of classification or shelving scheme Dewey Decimal Classification
Koha item type Book
Holdings
Withdrawn Not for loan Current library Shelving location Date acquired Total Checkouts Total Renewals Full call number Barcode Date last seen Date last checked out Koha item type
    Perpustakaan Alor Setar Pinjaman Dewasa 20/11/2024 1 1 640 ALD A01844930 10/05/2025 16/04/2025 Book
    Perpustakaan Awam Sungai Petani Pinjaman Dewasa 20/11/2024     640 ALD A01844931 20/11/2024   Book
    Perpustakaan Langkawi Pinjaman Dewasa 20/11/2024 1 1 640 ALD A01844932 10/05/2026 24/03/2026 Book